The French Assault on American Shipping, 1793-1813 (Record no. 576629)

MARC details
000 -LEADER
fixed length control field 01236nam a2200157Ia 4500
008 - FIXED-LENGTH DATA ELEMENTS--GENERAL INFORMATION
fixed length control field 250719s9999 xx 000 0 und d
020 ## - INTERNATIONAL STANDARD BOOK NUMBER
ISBN 9780786438372
082 ## - DEWEY DECIMAL CLASSIFICATION NUMBER
Classification number 940.2745
Item number WIL
100 ## - MAIN ENTRY--AUTHOR NAME
Personal name Cunningham, Chet
245 #4 - TITLE STATEMENT
Title The French Assault on American Shipping, 1793-1813
260 ## - PUBLICATION, DISTRIBUTION, ETC. (IMPRINT)
Name of publisher McFarland
Year of publication 2009
500 ## - GENERAL NOTE
General note During the French Revolutionary and Napoleonic eras, France was plagued by war and crop failures and was desperately in need of supplies. Legally and illegally, French privateers and cruisers took cargo from merchant vessels of every nation, perhaps the United States more than any other. At least 6,479 U.S. claims involving more than 2,300 vessels were filed and these claims give a close approximation of American goods lost to the French. The three main sections of this reference book present a comprehensive accounting of the losses (arranged by ship), descriptions of court cases involving important questions of law, and the disposition of claims. Also included are a glossary, a list of geographical locations mentioned in the text, and an overview of relevant acts of Congress, proclamations, treaties, and foreign decrees.
650 ## - SUBJECT ADDED ENTRY--TOPICAL TERM
Topical Term Transportation
942 ## - ADDED ENTRY ELEMENTS (KOHA)
Koha item type English Books
Holdings
Withdrawn status Lost status Damaged status Not for loan Home library Current library Shelving location Date acquired Full call number Accession Number Price effective from Koha item type
        Anna Centenary Library Anna Centenary Library 7TH FLOOR, B WING 19.07.2025 940.27450 WIL 278381 19.07.2025 English Books

Find us on the map